| 000 | 00568nam a2200145Ia 4500 | ||
|---|---|---|---|
| 008 | 231217s9999 xx 000 0 und d | ||
| 041 | _aEnglish | ||
| 082 | _a001.6424 ZHU;1 R | ||
| 100 | _aZhuk, Jeff | ||
| 245 | 0 | _aIntegration - ready architecture and design : software engineering with XML, Java, .net wireless, speech, and knowledge technologies | |
| 260 |
_c2004 _bUniversity Press, _aCambridge |
||
| 300 | _axxx+609 | ||
| 650 | _aIntegration,-,ready,architecture,:,software,engineering,XML,,Java,,.net,wireless,,speech,,knowledge,technologies | ||
| 942 | _cAA | ||
| 999 |
_c174694 _d174694 |
||